LEADER 01134nam0-22003611i-450- 001 990000417010403321 005 20080108114450.0 035 $a000041701 035 $aFED01000041701 035 $a(Aleph)000041701FED01 035 $a000041701 100 $a20020821d1977----km-y0itay50------ba 101 0 $aita 105 $ay-------001yy 200 1 $aCompendio di tecnologia delle costruzioni industrializzate$fGérard Blachère$gtraduzione a cura di Mario Fabbrini 210 $aBologna$cCELI$d1977 215 $a258 p.$d24 cm 300 $aTit. orig.: Technologies de la Construction industrialisèe. 2 copie 610 0 $aIndustrializzazione Edilizia 676 $a670 700 1$aBlachère,$bGèrard$0333728 702 1$aFabbrini,$bMario 801 0$aIT$bUNINA$gRICA$2UNIMARC 901 $aBK 912 $a990000417010403321 952 $a08 A 89$b6962 (AT)$fDINED 952 $a08 A 90$b6635 (AT)$fDINED 952 $a170015$b3024$fDCATA 952 $a170016$b3053$fDCATA 959 $aDINED 959 $aDCATA 996 $aCompendio di tecnologia delle costruzioni industrializzate$9327021 997 $aUNINA LEADER 03379nam 2200601 a 450 001 9910806178003321 005 20250322110037.0 010 $a9780814723234 010 $a0814723233 024 7 $a10.18574/9780814723234 035 $a(CKB)2550000000047442 035 $a(EBL)865396 035 $a(OCoLC)754841345 035 $a(SSID)ssj0000606331 035 $a(PQKBManifestationID)11354691 035 $a(PQKBTitleCode)TC0000606331 035 $a(PQKBWorkID)10580509 035 $a(PQKB)11609011 035 $a(StDuBDS)EDZ0001325904 035 $a(MiAaPQ)EBC865396 035 $a(MdBmJHUP)muse4873 035 $a(DE-B1597)548502 035 $a(DE-B1597)9780814723234 035 $a(ODN)ODN0002947231 035 $a(EXLCZ)992550000000047442 100 $a20110415d2011 uy 0 101 0 $aeng 135 $aurnn#---|un|u 181 $ctxt 182 $cc 183 $acr 200 10$aEmerging evangelicals $efaith, modernity, and the desire for authenticity /$fJames S. Bielo 210 $aNew York $cNew York University Press$dc2011 215 $a1 online resource (238 p.) 300 $aDescription based upon print version of record. 311 08$a0-8147-8954-4 311 08$a0-8147-8955-2 320 $aIncludes bibliographical references and index. 327 $aIntroduction : conceptualizing emerging evangelicalism -- Stories of deconversion -- Ironies of faith -- Ancient-future I : experiencing God -- Ancient-future II : everyday monastics -- Missional I : everyday missionaries -- Missional II : kingdom theologies -- Church planting I : a new work -- Church planting II : sense of place -- Conclusion : dialogic evangelicalism. 330 $aThe Emerging Church movement developed in the mid-1990s among primarily white, urban, middle-class pastors and laity who were disenchanted with America?s conservative Evangelical sub-culture. It is a response to the increasing divide between conservative Evangelicals and concerned critics who strongly oppose what they consider overly slick, corporate, and consumerist versions of faith. A core feature of their response is a challenge to traditional congregational models, often focusing on new church plants and creating networks of related house churches. Drawing on three years of ethnographic fieldwork, James S. Bielo explores the impact of the Emerging Church movement on American Evangelicals. He combines ethnographic analysis with discussions of the movement?s history, discursive contours, defining practices, cultural logics, and contentious interactions with conservative Evangelical critics to rethink the boundaries of ?Evangelical? as a category. Ultimately, Bielo makes a novel contribution to our understanding of the important changes at work among American Protestants, and illuminates how Emerging Evangelicals interact with the cultural conditions of modernity, late modernity, and visions of ?postmodern? Christianity. 606 $aEvangelicalism$zUnited States 606 $aEmerging church movement$zUnited States 615 0$aEvangelicalism 615 0$aEmerging church movement 676 $a277.3/083 700 $aBielo$b James S$01047825 801 0$bMiAaPQ 801 1$bMiAaPQ 801 2$bMiAaPQ 906 $aBOOK 912 $a9910806178003321 996 $aEmerging Evangelicals$94050503 997 $aUNINA LEADER 03158nam 22006375 450 001 9910298074503321 005 20251116153606.0 010 $a81-322-1581-8 024 7 $a10.1007/978-81-322-1581-3 035 $a(CKB)2550000001153292 035 $a(EBL)1538609 035 $a(SSID)ssj0001048978 035 $a(PQKBManifestationID)11623064 035 $a(PQKBTitleCode)TC0001048978 035 $a(PQKBWorkID)11018456 035 $a(PQKB)11496141 035 $a(MiAaPQ)EBC1538609 035 $a(DE-He213)978-81-322-1581-3 035 $a(PPN)176126651 035 $a(EXLCZ)992550000001153292 100 $a20131024d2014 u| 0 101 0 $aeng 135 $aur|n|---||||| 181 $ctxt 182 $cc 183 $acr 200 10$aBrain, Self and Consciousness $eExplaining the Conspiracy of Experience /$fby Sangeetha Menon 205 $a1st ed. 2014. 210 1$aNew Delhi :$cSpringer India :$cImprint: Springer,$d2014. 215 $a1 online resource (218 p.) 225 1 $aStudies in Neuroscience, Consciousness and Spirituality,$x2211-8918 300 $aDescription based upon print version of record. 311 08$a81-322-1580-X 320 $aIncludes bibliographical references and index. 327 $aPreface -- 1.Brain and Self: A Preamble.- 2.Beginnings: Biological and Philosophical Accounts of Consciousness.- 3.The Not-so-rigid Brain: Philosophical Riddles and Experiential Ironies.- 4.Body-sense and Self-Sense: Why is Minimalism Insufficient? 5.Boundaries of Self: Displacement, Meaning, and Purpose.- 6.The Feel Factor:Qualia and the Affective Markers of Experience -- 7.Beyond Brain:Final Frontiers of Consciousness.- Bibliography -- Glossary.  . 330 $aThis book discusses consciousness from the perspectives of neuroscience, neuropsychiatry and philosophy. The author argues that the central issue in brain studies is to explain the unity, continuity, and adherence of experience, whether it is sensory or mental awareness, phenomenal- or self-consciousness. The fascinating discussion that this book presents is: How do the brain and the self create the conspiracy of experience where the physicality of the brain is lost in the subjectivity of the self? 410 0$aStudies in Neuroscience, Consciousness and Spirituality,$x2211-8918 606 $aNeuropsychology 606 $aPhenomenology 606 $aPsychiatry 606 $aNeuropsychology$3https://scigraph.springernature.com/ontologies/product-market-codes/Y12030 606 $aPhenomenology$3https://scigraph.springernature.com/ontologies/product-market-codes/E44070 606 $aPsychiatry$3https://scigraph.springernature.com/ontologies/product-market-codes/H53003 615 0$aNeuropsychology. 615 0$aPhenomenology. 615 0$aPsychiatry. 615 14$aNeuropsychology. 615 24$aPhenomenology. 615 24$aPsychiatry. 676 $a142.7 676 $a154.4 700 $aMenon$b Sangeetha$4aut$4http://id.loc.gov/vocabulary/relators/aut$0868561 906 $aBOOK 912 $a9910298074503321 996 $aBrain, Self and Consciousness$91938797 997 $aUNINA